Versailles (Record n. 77160)

Dettagli MARC
000 -LEADER
fixed length control field 01279nam a2200289Ia 4500
001 - CONTROL NUMBER
control field K0508
003 - CONTROL NUMBER IDENTIFIER
control field IT-RoPAU
008 - FIXED-LENGTH DATA ELEMENTS--GENERAL INFORMATION
fixed length control field 130308s9999 xx 000 0 und d
040 ## - CATALOGING SOURCE
Original cataloging agency IT-RoPAU
040 ## - CATALOGING SOURCE
Transcribing agency IT-RoPAU
041 ## - LANGUAGE CODE
Language code of text/sound track or separate title ITALIANO
100 ## - MAIN ENTRY--PERSONAL NAME
Personal name Hibbert Christopher
100 ## - MAIN ENTRY--PERSONAL NAME
Miscellaneous information Codice Aut. SPICS: 60193
245 ## - TITLE STATEMENT
Title Versailles
245 ## - TITLE STATEMENT
Remainder of title Versailles
250 ## - EDITION STATEMENT
Edition statement 1a ed.
260 ## - PUBLICATION, DISTRIBUTION, ETC. (IMPRINT)
Place of publication, distribution, etc. MILANO
260 ## - PUBLICATION, DISTRIBUTION, ETC. (IMPRINT)
Name of publisher, distributor, etc. Mondadori
260 ## - PUBLICATION, DISTRIBUTION, ETC. (IMPRINT)
Date of publication, distribution, etc. 1973 [1° Ed.:1973 - Ed.Ling.Originale:1973]
300 ## - PHYSICAL DESCRIPTION
Extent "172 p. (prefazione: no ; testo: 172 [pagine: 0-0])"
500 ## - GENERAL NOTE
General note "Versailles e Storia: Maison De Plaisance; Sorge un Nuovo Castello; sede del Governo; Tramonto del Re Sole; Luigi Xv Beneamato; Monarchia Verso Abisso; a Tutte Glorie della Francia. Versailles e Letteratura. Appendice: Cronologia Storia di Francia; Albero Dinastico Monarchia Francese dal 1589 al 1848; breve Guida Ai Castelli di Francia; Bibliografia Essenziale. Illustrazioni a Colori e bianco e Nero. "
650 ## - SUBJECT ADDED ENTRY--TOPICAL TERM
Topical term or geographic name as entry element SAGGI SULLE ARTI VISIVE
650 ## - SUBJECT ADDED ENTRY--TOPICAL TERM
Relator term Codice materia Spics: 5011
942 ## - ADDED ENTRY ELEMENTS (KOHA)
Koha item type LIBRO
957 ## -
-- 1
999 ## - SYSTEM CONTROL NUMBERS (KOHA)
-- 1
Dati di copia
Withdrawn status Lost status Damaged status Not for loan Home library Current library Date acquired Total Checkouts Full call number Date last seen Price effective from Koha item type Public note
    Buone Condizioni Not For Loan SPICS-MEDIATECA SPICS-MEDIATECA 08/03/2013   K0508 08/03/2013 08/03/2013 LIBRO Progressivo inserimento: 22777 / N. Volumi: 1 Copie: 1 / data import: 1 marzo 2013 - By Epidotti, Trombetti, Vaglietti.
CREDITS: SOCIETA' SAN PAOLO Via A.Severo, 58 - ROMA (RM) & PERIODICI SAN PAOLO SRL Via Giotto, 36 MILANO & CISF Via Giotto, 36 MILANO & EDIZIONI SAN PAOLO SRL,  Piazza Soncino, 5 CINISELLO BALSAMO (MI) -- ITALY